000 01297nam a2200229Ia 4500
003 Ost
005 20260507075308.0
008 260507s9999||||xx |||||||||||||| ||und||
040 _cfsecg
041 _aara
082 _a330
100 _aالحسني، صادق
_eمؤلف
245 0 _aالمحاسبة في شركات الاشخاص /
_c صادق الحسني
260 _aالاسكندرية:
_bالمكتب الجامعي الحديث,
_c2006
300 _a574 صفحة؛
_bإيضاحات ؛
_c24 سم
504 _a(اقتناءات 2014 3ن)
520 _aمفهوم الشركات و أنواعها و خصائصها و طبيعة تكوين و تنظيم شركات التضامن و المعالجة المحاسبية لها ، شركات التوصية البسيطة و قياس و توزيع الارباح و الخسائر و اعداد القوائم المالية ، تعديل عقد الشركة و انقضاء الشركات و تصفيتها و اندماجها ، مفهوم شركات المحاصة و خصائصها و صلتها بالانواع الاخرى من الشركات مع وجود أسئلة في نهاية كل فصل.
653 _aالشركات
653 _aالمحاسبة
653 _aمحاسبة الشركات
942 _cكتاب
999 _c43830
_d43830